Juzgamiento del Presidente de la República por responsabilidad punitiva y política / (Registro nro. 28452)

Detalles MARC
000 -LEADER
fixed length control field 00774nam a2200217Ia 4500
003 - CONTROL NUMBER IDENTIFIER
control field CO-CtgCURN
005 - DATE AND TIME OF LATEST TRANSACTION
control field 20250407215605.0
008 - FIXED-LENGTH DATA ELEMENTS--GENERAL INFORMATION
fixed length control field 190722s9999 xx 000 0 und d
020 ## - INTERNATIONAL STANDARD BOOK NUMBER
International Standard Book Number 9789583507533
040 ## - CATALOGING SOURCE
Original cataloging agency CO-CtgCURN
Language of cataloging spa
Transcribing agency coctgcurn
082 ## - DEWEY DECIMAL CLASSIFICATION NUMBER
Classification number 342.088
Item number T693j
100 ## - MAIN ENTRY--PERSONAL NAME
Personal name Torres Zuleta, Gonzalo
245 #0 - TITLE STATEMENT
Title Juzgamiento del Presidente de la República por responsabilidad punitiva y política /
Statement of responsibility, etc. Gonzalo Torres Zuleta
260 ## - PUBLICATION, DISTRIBUTION, ETC.
Place of publication, distribution, etc. Bogotá, Colombia :
Name of publisher, distributor, etc. Editorial Temis,
Date of publication, distribution, etc. 2009
300 ## - PHYSICAL DESCRIPTION
Extent 422 páginas ;
Dimensions 23 centímetros
521 ## - TARGET AUDIENCE NOTE
Target audience note AREA PROFESIONAL
590 ## - LOCAL NOTE (RLIN)
Local note Programa de Derecho_18
650 ## - SUBJECT ADDED ENTRY--TOPICAL TERM
Topical term or geographic name entry element Jefe de Estado
942 ## - ADDED ENTRY ELEMENTS (KOHA)
Koha item type Libros
Classification part 342.088
Item part T693j
Source of classification or shelving scheme Dewey Decimal Classification
Suppress in OPAC No
Existencias
Withdrawn status Lost status Damaged status Not for loan Collection Home library Current library Shelving location Date acquired Inventory number Total checkouts Full call number Barcode Date last seen Copy number Price effective from Koha item type
          Miguel Henríquez Castañeda Barranquilla Miguel Henríquez Castañeda Barranquilla General 05/23/2018 03288   342.088 T693j 03288 07/22/2019 ej.1 07/22/2019 Libros